The Court of Appeal Criminal Appeal No. 57 of 2000 Original High Court Criminal Session Case No. 0022/99 Uganda Vs No.25695 D/CPL Bakulu John (Record no. 4558)

MARC details
000 -LEADER
fixed length control field 00513nam a22001097a 4500
008 - FIXED-LENGTH DATA ELEMENTS--GENERAL INFORMATION
fixed length control field 110706t xxu||||| |||| 00| 0 eng d
010 ## - LIBRARY OF CONGRESS CONTROL NUMBER
LC control number CACA F-140
245 ## - TITLE STATEMENT
Title The Court of Appeal Criminal Appeal No. 57 of 2000 Original High Court Criminal Session Case No. 0022/99 Uganda Vs No.25695 D/CPL Bakulu John
260 ## - PUBLICATION, DISTRIBUTION, ETC. (IMPRINT)
Date of publication, distribution, etc 2000
500 ## - GENERAL NOTE
General note Dated at Kampala this17th day of August 2000
Holdings
Withdrawn status Lost status Source of classification or shelving scheme Damaged status Koha normalized classification for sorting Not for loan Location (home branch) Sublocation or collection (holding branch) Shelving location Date acquired Koha issues (times borrowed) Koha full call number Piece designation (barcode) Koha date last seen Price effective from Koha item type
    Dewey Decimal Classification   CACA_F140   Law Development Centre Main Library Law Development Centre Main Library Law Reports 07/06/2011   CACA F-140 2011/3007 07/06/2011 07/06/2011 Un Reported Cases